000 00317nam a2200157Ia 4500
100 _aSahgal/Nayantara
650 _aFiciton
942 _cBK
366 _f20
245 _aMistaken Identity
260 _bModern Classics
_c2007
082 _a808.83/SAH
_bSAH
300 _a239
546 _aENGLISH
999 _c27331
_d27331